000 00466nam a2200181 a 4500
005 20220903184832.0
008 060405s1997 mx r 000 0 spa d
020 _a9681903285
035 _aUPN01000143806
049 _aCG
050 4 _aPQ8519 B4
_bA5.2
100 1 _aBenedetti, Mario,
_d1920-2009
245 1 0 _aAndamios /
_cMario Benedetti.
260 _aMéxico :
_bAlfaguara,
_c1997.
300 _a330 p.
650 0 _aNovela uruguaya
_95074
905 _aLibro
999 _c115953
_d115953